|
|
|
|
| LEADER |
01416nam a2200265 u 4500 |
| 001 |
10111668 |
| 003 |
upatras |
| 005 |
20210117204907.0 |
| 008 |
140207s2012 gr gre |
| 040 |
|
|
|a GR-PaULI
|c GR-PaULI
|
| 041 |
0 |
|
|a gre
|
| 084 |
|
|
|a WP 320
|
| 100 |
1 |
|
|a Μαρκαντές, Γιώργος
|4 aut
|9 136097
|
| 245 |
1 |
0 |
|a Η επίδραση της αντισυλληπτικής αγωγής στους γενετικούς, αγγειακούς, βιοχημικούς και ορμονικούς πρώιμους δείκτες αυξημένου κινδύνου σε νέες γυναίκες με σύνδρομο πολυκυστικών ωοθηκών (PCOS)
|c Γιώργος Μαρκαντές
|
| 260 |
|
|
|a Πάτρα
|b [χ.ό.]
|c 2012
|
| 300 |
|
|
|a 142 σ.
|b σχήμ., πίν.
|c 30 εκ.
|
| 504 |
|
|
|a Περιλαμβάνει βιβλιογραφία
|
| 650 |
|
4 |
|a Αντισύλληψη
|9 135071
|
| 650 |
|
4 |
|a Σύνδρομο πολυκυστικών ωοθηκών
|9 63950
|
| 650 |
|
4 |
|a Ενδοκρινολογία
|9 7851
|
| 852 |
|
|
|a GR-PaULI
|b ΠΑΤΡΑ
|b ΙΑΤΡΙΚΗ
|k ΔΙΑΤΡΙΒΗ-10
|h WP 320 ΜΑΡ
|m Δ/001364
|p 025000204594
|t 1
|
| 942 |
|
|
|2 ddc
|c BKTD
|
| 952 |
|
|
|0 0
|1 0
|4 0
|6 WP_320_000000000000000_ΜΑΡ
|7 0
|9 162337
|a MEDI
|b MEDI
|d 2016-04-24
|i Δ/001364
|l 0
|o WP 320 ΜΑΡ
|p 025000204594
|r 2016-04-24 00:00:00
|t 1
|w 2016-04-24
|y BKTD
|
| 998 |
|
|
|c ΜΑΝΙΑΚΗ
|d 2014-02
|
| 999 |
|
|
|c 101870
|d 101870
|